000
00325nam a2200121Ia 4500
008
220204s9999 xx 000 0 und d
082
_a
332.021.8(547.1)
_b
DAN
100
_a
DANDEKAR, V M
245
0
_a
Working of Bombay tenancy act 1948
260
_a
Poona
_b
Gokhale Institute
_c
1954
700
_a
KHUDANPUR, G J
942
_c
BK
999
_c
20099
_d
20099